000 04042nam a22004697a 4500
005 2011122607127.0
010 _aB-476374-476394
020 _a9788189934774
_c350.00
035 _aB-476374-476394
037 _bPUB
082 _aS
100 _aDube, Mukul
_952352
245 _aRazia and her pink elephant /
_cby Mukul Dube; art by Fahad Faizal
260 _aNew Delhi
_bKatha
_c2011
270 _aA3 Sarvodaya Enclave, Sri Aurobindo Marg,
_bNew Delhi
_e110017
300 _aunpages
_bill.
_c28cm.(Hb)
700 _aFaizal, Fahad
_937574
942 _2ddc
_cCH
_mDUB
_hS
999 _c59957
_d59957